000 00326nam a2200145Ia 4500
008 230718s9999 xx 000 0 und d
041 _aEng.
082 _a346.02
_bCH.-L
100 _aCh. M.A
245 0 _aLaw of Toart Easement
260 _aPakistan
_bMnadeem Book
_c2010
300 _a176
650 _aLaw
999 _c29802
_d29802